LEADER 00860nam a2200229 i 4500 001 000000143823 003 CaOOAMICUS 005 20051012000000.0 008 051012s1974 it u000 u ita u 013 $a119181 040 $aSeMil$bita 100 1 $aToynbee, Arnold Joseph <1892-1975>.$0(OLS)http://semarc/name/5362 245 10$aVol. 3. 300 $a287 p. 490 0 $aPaperbacks storici ;$v21 700 1 $aSomervell, D.C.$0(OLS)http://semarc/name/6766 773 0 $aToynbee, Arnold Joseph <1892-1975>$tStoria comparata delle civiltà.$dRoma : Newton Compton, 1974.$w()14413 830 0$aPaperbacks storici ;$v21.$0(OLS)http://semarc/title/19122 850 $aSeMil 852 $aSeMil$W1$xVenegono$y1$m3V II 125$j96864$B96864$CSeMilBibl$Z2$F104389 $81 961 $aOmaggio: Ciprandi dott. Paolo 996 $6245$aVol. 3$9(OLS)http://semarc/title/80712 LEADER 01391nam a2200313 i 4500 001 000000034563 003 CaOOAMICUS 005 20240408120407.0 008 090220s1988 xx u000 u mul u 013 $a1253 020 $a91-554-2277-2 040 $aSeMil$bita 100 1 $aSwedenborg, Emanuel,$d<1688-1772>.$0(OLS)http://semarc/name/15885 245 10$aCamena Borea /$cEmanuel Swedenborg ; edited, with introduction, translation and commentary by Hans Helander. 260 $aStockholm [etc.] :$bAlmqvist & Wiksell,$c1988. 260 $aUppsala :$b[s.n.],$c1988. 300 $a245 p. ;$c22 cm. 490 0 $aActa Universitatis Upsaliensis. Studia latina upsaliensia ;$v20 650 4$aLetteratura latina.$0(OLS)http://semarc/subject/1921 700 1 $aHelander, Hans.$0(OLS)http://semarc/name/15886 830 0$aActa Universitatis Upsaliensis. Studia latina upsaliensia ;$v20.$0(OLS)http://semarc/title/73 850 $aSeMil 852 $aSeMil$W1$xVenegono$y1$m1Z VI 78$j237571$B718$CSeMilBibl$Z2$F718 $81 961 $aCambio: Scuola Cattolica 996 $6020$a91-554-2277-2$9(OLS)http://semarc/number/2393 996 $6245$aCamena Borea$9(OLS)http://semarc/title/46810 996 $6260$aUppsala :$b[s.n.]$9(OLS)http://semarc/publisher/29754 996 $6260$aStockholm [etc.] :$bAlmqvist & Wiksell$9(OLS)http://semarc/publisher/39706